000 00345nam a2200133 a 4500
005 20140414131937.0
008 110125s19uu xx 00 eng d
050 _aM 560
_bW55 2008
245 _aWhy were mammoths woolly?.
260 _bMiles Kelly.
440 _aFirst questions and answers
650 _aPrehistoric animals
999 _c112488
_d112488